| 000 | 00565nam a2200205 a 4500 | ||
|---|---|---|---|
| 001 | 0185 | ||
| 005 | 20140414132032.0 | ||
| 008 | 040813s19uu xx 00 eng d | ||
| 020 | _a0-590-45984-8 | ||
| 050 |
_aTR _bM31 1991 |
||
| 100 | _aJoosse, Barbara M. | ||
| 245 |
_aMama do you love me? / _cBarbara M. Joosse ; illustrated by Barbara Lavallee. |
||
| 260 |
_aNew York : _bScholastic , _c1991. |
||
| 300 | _a 1v. p. : ill. ; cm. | ||
| 526 | _aJunior Prep | ||
| 650 |
_aLove _xFiction. |
||
| 650 | _aChildren stories. | ||
| 999 |
_c113648 _d113648 |
||